[Event "Limanowa-ch 14th"]
[Site "Limanowa"]
[Date "2012.02.25"]
[Round "9"]
[White "Mazurkiewicz, Adam"]
[Black "Czyrnek, Stanislaw"]
[Result "0-1"]
[WhiteElo "1535"]
[BlackElo "1947"]
[PlyCount "82"]
[EventDate "2012.02.21"]
[EventType "tourn"]
[EventRounds "9"]
[EventCountry "POL"]
[SourceTitle "EXT 2023"]
[Source "ChessBase"]
[SourceDate "2022.10.05"]
[SourceVersion "1"]
[SourceVersionDate "2022.10.05"]
[SourceQuality "1"]

1. e4 Nf6 2. Nf3 d6 3. d4 c6 4. Nc3 Bg4 5. Be2 Qc7 6. h3 Bh5 7. Bg5 Nbd7 8. Nd2 Bxe2 9. Qxe2 e5 10. Nf3 h6 11. Bh4 Be7 12. 0-0-0 b5 13. a3 a5 14. Na2 Nb6 15. b3 a4 16. b4 Nc4 17. Rd3 0-0 18. Nd2 c5 19. dxc5 dxc5 20. Nxc4 bxc4 21. Rc3 cxb4 22. Rxc4 Qb7 23. Nxb4 Rfc8 24. Bxf6 Rxc4 25. Qxc4 Bxf6 26. Qc6 Qa7 27. f3 Rd8 28. Nd5 Bg5+ 29. Kb1 Rb8+ 30. Ka2 Qf2 31. Rb1 Rf8 32. Rb2 Qxg2 33. c4 Qxf3 34. Qxa4 Qxe4 35. Qc2 Qd4 36. Qc3 Qc5 37. Rb5 Qf2+ 38. Kb3 e4 39. Nb4 Qf1 40. Re5 Bf6 41. Nd5 Qb1+ 0-1

[Event "Limanowa-ch 14th"]
[Site "Limanowa"]
[Date "2012.02.24"]
[Round "8"]
[White "Czyrnek, Stanislaw"]
[Black "Kowalewski, Wladyslaw"]
[Result "1-0"]
[WhiteElo "1947"]
[BlackElo "1759"]
[PlyCount "88"]
[EventDate "2012.02.21"]
[EventType "tourn"]
[EventRounds "9"]
[EventCountry "POL"]
[SourceTitle "EXT 2023"]
[Source "ChessBase"]
[SourceDate "2022.10.05"]
[SourceVersion "1"]
[SourceVersionDate "2022.10.05"]
[SourceQuality "1"]

1. e4 d5 2. exd5 Nf6 3. Bc4 Nxd5 4. Ne2 e5 5. d3 Be6 6. 0-0 Bd6 7. Ng3 0-0 8. Bxd5 Bxd5 9. Nc3 Bc6 10. Qh5 g6 11. Qh6 f5 12. Bg5 Qe8 13. Rae1 Rf7 14. f4 Bf8 15. Qh3 h6 16. Rxe5 Qxe5 17. fxe5 hxg5 18. Nge4 g4 19. Qh4 fxe4 20. Rxf7 Kxf7 21. Qf6+ Kg8 22. Qxg6+ Bg7 23. Nxe4 Bxe4 24. Qxe4 Nc6 25. d4 g3 26. hxg3 Rd8 27. c3 a5 28. b3 a4 29. b4 Ne7 30. Qxb7 Bh6 31. Qxc7 Be3+ 32. Kf1 Bg5 33. Ke2 Rf8 34. Qc4+ Kg7 35. d5 Rf7 36. d6 Nf5 37. Qe6 Nxg3+ 38. Kd1 Rf1+ 39. Kc2 Rc1+ 40. Kb2 Ne4 41. Qg4 Kg6 42. d7 Nf2 43. Qxg5+ Kxg5 44. Kxc1 Ne4 1-0

[Event "Limanowa-ch 14th"]
[Site "Limanowa"]
[Date "2012.02.24"]
[Round "7"]
[White "Slabek, Grzegorz"]
[Black "Czyrnek, Stanislaw"]
[Result "1-0"]
[WhiteElo "2038"]
[BlackElo "1947"]
[PlyCount "97"]
[EventDate "2012.02.21"]
[EventType "tourn"]
[EventRounds "9"]
[EventCountry "POL"]
[SourceTitle "EXT 2023"]
[Source "ChessBase"]
[SourceDate "2022.10.05"]
[SourceVersion "1"]
[SourceVersionDate "2022.10.05"]
[SourceQuality "1"]

1. d4 Nf6 2. Nf3 g6 3. b4 Bg7 4. Bb2 d5 5. e3 0-0 6. c4 c6 7. e4 Nbd7 8. Be2 Re8 9. 0-0 Nxe4 10. Nbd2 Ndf6 11. Nb3 dxc4 12. Bxc4 Nd5 13. b5 Bg4 14. h3 Bd7 15. Ne5 e6 16. Bd3 Nef6 17. Nc5 Qc7 18. Rc1 Rac8 19. Ba3 Red8 20. Be4 Nf4 21. Bb1 Be8 22. Qf3 Rxd4 23. Bb2 Rd2 24. Qxf4 Rxb2 25. Ncd3 Re2 26. Ng4 Qxf4 27. Nxf4 Rb2 28. Nd3 Rd2 29. Nge5 Re2 30. Nf3 Re4 31. Nc5 Rb4 32. Ne5 Nd5 33. Ned3 Rxb5 34. Nb3 f5 35. Rfe1 Bf7 36. Ne5 Bxe5 37. Rxe5 Rb4 38. Nc5 Nf6 39. Nxe6 Bxe6 40. Rxe6 Kf7 41. Rce1 Re8 42. Rxe8 Nxe8 43. a3 Ra4 44. Ba2+ Kf8 45. Re3 c5 46. Bd5 b6 47. Bc6 Re4 48. Bxe4 fxe4 49. Rxe4 1-0

[Event "Limanowa-ch 14th"]
[Site "Limanowa"]
[Date "2012.02.22"]
[Round "4"]
[White "Czyrnek, Stanislaw"]
[Black "Michalik, Marek"]
[Result "0-1"]
[WhiteElo "1947"]
[BlackElo "1805"]
[PlyCount "138"]
[EventDate "2012.02.21"]
[EventType "tourn"]
[EventRounds "9"]
[EventCountry "POL"]
[SourceTitle "EXT 2023"]
[Source "ChessBase"]
[SourceDate "2022.10.05"]
[SourceVersion "1"]
[SourceVersionDate "2022.10.05"]
[SourceQuality "1"]

1. e4 Nf6 2. e5 Nd5 3. d4 d6 4. Nf3 Bg4 5. Bc4 e6 6. h3 Bh5 7. Bd2 Nc6 8. c3 dxe5 9. g4 Bg6 10. dxe5 Be4 11. Qe2 Bxf3 12. Qxf3 Nxe5 13. Qe2 Nxc4 14. Qxc4 c6 15. Qb3 Qb6 16. Qc2 Bc5 17. Rf1 Rd8 18. a4 Qc7 19. b4 Qe5+ 20. Kd1 Be7 21. Ra2 Qh2 22. Qe4 Bg5 23. Kc2 Bxd2 24. Nxd2 Qxh3 25. f3 Qh6 26. f4 Qh3 27. Rf3 Qxg4 28. Kb3 0-0 29. Nc4 Qf5 30. Qe5 Qxe5 31. fxe5 f6 32. exf6 Rxf6 33. Rg3 Rdf8 34. Ne5 Rf5 35. Nd7 Rf3 36. Rag2 Rxg3 37. Rxg3 Rf5 38. Nc5 Nf4 39. Nxb7 h5 40. Nd6 Re5 41. Nc4 Rd5 42. Na5 Rd3 43. Rg5 Kh7 44. Nxc6 Kh6 45. Re5 h4 46. b5 Rd7 47. Re4 g5 48. Ne5 Rg7 49. Ng4+ Kh5 50. Nh2 h3 51. c4 Kh4 52. Nf1 Kg4 53. Re3 Ng2 54. Nh2+ Kh4 55. Re4+ g4 56. Nf1 Rf7 57. Nh2 Rf4 58. Rxf4 Nxf4 59. a5 g3 60. Nf3+ Kg4 61. b6 h2 62. c5 h1Q 63. Ne5+ Kf5 64. Nc4 Qf3+ 65. Ka4 axb6 66. axb6 Qc6+ 67. Kb4 g2 68. Nd6+ Kg6 69. Nc4 Nd5+ 0-1

[Event "POL-ch Teachers"]
[Site "Krakow"]
[Date "2010.06.06"]
[Round "9.9"]
[White "Czyrnek, Stanislaw"]
[Black "Kozlowski, Cezary"]
[Result "1-0"]
[WhiteElo "1990"]
[BlackElo "1637"]
[PlyCount "29"]
[EventDate "2010.06.03"]
[EventType "swiss"]
[EventRounds "9"]
[EventCountry "POL"]
[SourceTitle "EXT 2023"]
[Source "ChessBase"]
[SourceDate "2022.10.05"]
[SourceVersion "1"]
[SourceVersionDate "2022.10.05"]
[SourceQuality "1"]

1. e4 e6 2. d4 d5 3. exd5 exd5 4. Bd3 Bd6 5. h3 h6 6. Nf3 Nf6 7. 0-0 0-0 8. Nc3 Re8 9. Nb5 a6 10. Nxd6 Qxd6 11. Be3 Nc6 12. a3 Be6 13. Qd2 Ne4 14. Qc1 Qf8 15. b3 1-0

[Event "POL-ch Teachers"]
[Site "Krakow"]
[Date "2010.06.03"]
[Round "1.11"]
[White "Ruggiero, Janusz"]
[Black "Czyrnek, Stanislaw"]
[Result "1-0"]
[WhiteElo "1669"]
[BlackElo "1990"]
[PlyCount "78"]
[EventDate "2010.06.03"]
[EventType "swiss"]
[EventRounds "9"]
[EventCountry "POL"]
[SourceTitle "EXT 2023"]
[Source "ChessBase"]
[SourceDate "2022.10.05"]
[SourceVersion "1"]
[SourceVersionDate "2022.10.05"]
[SourceQuality "1"]

1. d4 c5 2. d5 e5 3. e4 d6 4. c4 Be7 5. Nc3 Nf6 6. Nf3 0-0 7. Be2 Ne8 8. 0-0 f5 9. exf5 Bxf5 10. Bd3 Qd7 11. Bg5 Bg4 12. Qc2 h6 13. Bh7+ Kh8 14. Nh4 Bh5 15. Bxe7 Qxe7 16. g3 Nf6 17. Bg6 Bg4 18. Bf5 Bh5 19. f4 Nbd7 20. h3 g5 21. fxg5 hxg5 22. Nf3 Rg8 23. g4 Bf7 24. Rf2 Rg7 25. Raf1 Re8 26. Nxg5 Bg8 27. Bxd7 Qxd7 28. Rxf6 Rxg5 29. Ne4 Rg7 30. Rh6+ Bh7 31. Nf6 Qe7 32. Nxe8 Qxe8 33. Rff6 Kg8 34. Qf2 e4 35. Qe3 Qe5 36. Rxd6 Rf7 37. Rd8+ Kg7 38. Re6 Qd4 39. Qxd4+ cxd4 1-0

[Event "POL-ch Teachers"]
[Site "Krakow"]
[Date "2008.05.25"]
[Round "9.1"]
[White "Czyrnek, Stanislaw"]
[Black "Wieczorek, Zbigniew"]
[Result "0-1"]
[WhiteElo "1998"]
[BlackElo "2319"]
[PlyCount "84"]
[EventDate "2008.05.22"]
[EventType "swiss"]
[EventRounds "9"]
[EventCountry "POL"]
[SourceTitle "EXT 2023"]
[Source "ChessBase"]
[SourceDate "2022.10.05"]
[SourceVersion "1"]
[SourceVersionDate "2022.10.05"]
[SourceQuality "1"]

1. e4 g6 2. Nf3 Bg7 3. c3 d6 4. h3 e5 5. d4 Nd7 6. Bd3 Ngf6 7. Qc2 0-0 8. 0-0 b6 9. Re1 Bb7 10. Bg5 Re8 11. Nbd2 h6 12. Be3 Qe7 13. dxe5 dxe5 14. Rad1 Nc5 15. Bxc5 Qxc5 16. Nf1 Rad8 17. Ng3 a5 18. a3 Bc6 19. b4 Qe7 20. b5 Bb7 21. a4 Nd7 22. h4 h5 23. Bc4 Bf6 24. Qc1 Kg7 25. Ng5 Bxg5 26. hxg5 Nf8 27. Bd5 Bc8 28. Rd3 Nh7 29. f4 exf4 30. Qxf4 Nxg5 31. e5 h4 32. Nf1 h3 33. Ne3 hxg2 34. Kxg2 Qxe5 35. Kg3 Qxf4+ 36. Kxf4 Ne6+ 37. Kf3 Nc5 38. Rd4 Rh8 39. Rg1 Rh3+ 40. Kf2 Re8 41. Re1 Re5 42. Rf4 Nd3+ 0-1

[Event "POL-ch Teachers"]
[Site "Krakow"]
[Date "2008.05.22"]
[Round "2.4"]
[White "Czyrnek, Stanislaw"]
[Black "Osipow, Nikolaj"]
[Result "0-1"]
[WhiteElo "1998"]
[BlackElo "2216"]
[PlyCount "56"]
[EventDate "2008.05.22"]
[EventType "swiss"]
[EventRounds "9"]
[EventCountry "POL"]
[SourceTitle "EXT 2023"]
[Source "ChessBase"]
[SourceDate "2022.10.05"]
[SourceVersion "1"]
[SourceVersionDate "2022.10.05"]
[SourceQuality "1"]

1. e4 Nf6 2. Nc3 e5 3. Nf3 Nc6 4. Be2 d5 5. d3 h6 6. h3 Be6 7. Bd2 Qd7 8. a3 a5 9. 0-0 Bc5 10. b4 dxe4 11. bxc5 exf3 12. Bxf3 0-0 13. Rb1 Rab8 14. Re1 Nd5 15. Bxd5 Bxd5 16. Rb2 Rfe8 17. Qh5 Re6 18. Qg4 Nd4 19. Nxd5 Qxd5 20. Qe4 Qxc5 21. Rxb7 Rxb7 22. Qxb7 Qxc2 23. Qa8+ Kh7 24. Be3 Qxd3 25. Bc1 Rg6 26. Kh2 c6 27. Be3 Qe4 28. Rg1 Ne2 0-1